[Event "Buenos Aires op 3rd"]
[Site "Buenos Aires"]
[Date "2025.07.17"]
[Round "9"]
[White "Liascovich, Lucas"]
[Black "De Lima, Adriano Gaspar"]
[Result "1-0"]
[WhiteElo "2408"]
[BlackElo "2106"]
[PlyCount "41"]
[EventDate "2025.07.11"]
[EventType "swiss"]
[EventRounds "9"]
[EventCountry "ARG"]
[SourceTitle "CB30_2025"]
[SourceDate "2025.07.23"]
[SourceVersion "1"]
[SourceVersionDate "2025.07.23"]
[SourceQuality "1"]

1. e4 c5 2. Nc3 d6 3. f4 Nc6 4. Nf3 g6 5. Bc4 Bg7 6. 0-0 e6 7. d3 Nge7 8. Qe1 0-0 9. Qh4 a6 10. f5 exf5 11. Bg5 Qc7 12. Bh6 Nd8 13. Ng5 Bd4+ 14. Kh1 Re8 15. Rae1 Be6 16. exf5 Bxc4 17. fxg6 hxg6 18. dxc4 Qd7 19. Nd5 Nxd5 20. cxd5 f6 21. Bg7 1-0

[Event "Buenos Aires op 3rd"]
[Site "Buenos Aires"]
[Date "2025.07.11"]
[Round "1"]
[White "Liascovich, Lucas"]
[Black "Strok, Boris"]
[Result "1-0"]
[WhiteElo "2408"]
[BlackElo "1903"]
[PlyCount "69"]
[EventDate "2025.07.11"]
[EventType "swiss"]
[EventRounds "9"]
[EventCountry "ARG"]
[SourceTitle "CB30_2025"]
[SourceDate "2025.07.23"]
[SourceVersion "1"]
[SourceVersionDate "2025.07.23"]
[SourceQuality "1"]

1. d4 Nf6 2. Nf3 e6 3. c4 c5 4. d5 b5 5. dxe6 fxe6 6. cxb5 d5 7. Bg5 Be7 8. e3 0-0 9. Be2 Ne4 10. Bxe7 Qxe7 11. Nbd2 Qf6 12. Qc2 Nxd2 13. Qxd2 a6 14. 0-0 Nd7 15. b3 axb5 16. Bxb5 Nb6 17. a4 Ba6 18. Bxa6 Rxa6 19. Rac1 Nd7 20. e4 dxe4 21. Ng5 Qg6 22. Nxe4 Ne5 23. Qe2 Rb6 24. Nxc5 Nf3+ 25. Kh1 Nd4 26. Qc4 Rd6 27. Rfd1 Rfd8 28. Nb7 Rc6 29. Rxd4 Rxc4 30. Rxd8+ Kf7 31. bxc4 Ke7 32. Rcd1 Qc2 33. R8d7+ Kf6 34. c5 Qxa4 35. Nd8 1-0

[Event "American Continental 19th"]
[Site "Foz do Iguacu"]
[Date "2025.05.31"]
[Round "11"]
[White "Cardoso Cardoso, Jose Gabriel"]
[Black "Liascovich, Lucas"]
[Result "1-0"]
[WhiteElo "2516"]
[BlackElo "2417"]
[PlyCount "117"]
[EventDate "2025.05.23"]
[EventType "swiss"]
[EventRounds "11"]
[EventCountry "BRA"]
[SourceTitle "CB23_2025"]
[SourceDate "2025.06.04"]
[SourceVersion "1"]
[SourceVersionDate "2025.06.04"]
[SourceQuality "1"]

1. e4 e5 2. Nf3 Nf6 3. Nxe5 d6 4. Nf3 Nxe4 5. Nc3 Nf6 6. d4 Be7 7. Bd3 0-0 8. 0-0 Re8 9. Re1 Nbd7 10. Bg5 Nf8 11. h3 Ne6 12. Be3 c6 13. Ne2 Bf8 14. Ng3 g6 15. c3 Bg7 16. Qd2 Qe7 17. Bh6 Qf8 18. Bxg7 Qxg7 19. Re2 Bd7 20. Bc2 Rad8 21. Rae1 Nc7 22. Ng5 Rxe2 23. Rxe2 Ne6 24. Bb3 d5 25. Nxe6 Bxe6 26. Re5 Nd7 27. Re1 Qf6 28. Qh6 Qg7 29. Qf4 Rc8 30. Re3 Qf6 31. Qd6 Nf8 32. Bc2 b6 33. Rf3 Qg5 34. Re3 c5 35. Ne2 Rd8 36. Qc7 Rd7 37. Qb8 Qd8 38. Qf4 Re7 39. h4 Bc8 40. Qf6 Ne6 41. h5 Re8 42. Qf3 Qg5 43. Nf4 cxd4 44. cxd4 Rd8 45. Nh3 Qxh5 46. Qf6 Rf8 47. Bb3 Qg4 48. f4 Ng7 49. Bxd5 Be6 50. Bxe6 Nxe6 51. Kh2 Qd1 52. Rxe6 fxe6 53. Qxe6+ Kg7 54. Qe5+ Kg8 55. Ng5 Qg4 56. Ne6 Qh4+ 57. Kg1 Rf6 58. d5 Kf7 59. Qc7+ 1-0

[Event "American Continental 19th"]
[Site "Foz do Iguacu"]
[Date "2025.05.30"]
[Round "10"]
[White "Liascovich, Lucas"]
[Black "Caceres Benitez, Arturo Eduardo"]
[Result "1-0"]
[WhiteElo "2417"]
[BlackElo "2313"]
[PlyCount "131"]
[EventDate "2025.05.23"]
[EventType "swiss"]
[EventRounds "11"]
[EventCountry "BRA"]
[SourceTitle "CB23_2025"]
[SourceDate "2025.06.04"]
[SourceVersion "1"]
[SourceVersionDate "2025.06.04"]
[SourceQuality "1"]

1. e4 c5 2. Nc3 e6 3. f4 d5 4. Nf3 Nf6 5. d3 Nc6 6. Be2 b5 7. e5 Nd7 8. 0-0 b4 9. Nb1 Be7 10. a3 0-0 11. axb4 cxb4 12. Be3 a5 13. d4 Ba6 14. Bxa6 Rxa6 15. Qd3 Qc8 16. f5 exf5 17. Qxf5 Nb6 18. Qh5 Qe6 19. Nbd2 a4 20. Ne1 Nc4 21. Qe2 f6 22. Nd3 fxe5 23. Rxf8+ Bxf8 24. dxe5 Nxd2 25. Bxd2 Nd4 26. Qd1 b3 27. cxb3 Nxb3 28. Rb1 Qf5 29. Bb4 Qe4 30. Bxf8 Rg6 31. Nf4 Rg5 32. Be7 Rxe5 33. Bd6 Qxf4 34. Bxe5 Qe3+ 35. Kh1 Qxe5 36. Qe1 Qxe1+ 37. Rxe1 Kf7 38. Kg1 Nd2 39. Rd1 Nc4 40. Rxd5 Nxb2 41. Rb5 Nd3 42. Kf1 Ke6 43. Ke2 Nf4+ 44. Kf3 Nd5 45. Ra5 Nc3 46. Ke3 Kd6 47. Kd3 Nd5 48. Rxa4 g5 49. g3 Nf6 50. Ra6+ Ke7 51. Kd4 Kf7 52. Ke5 Ng4+ 53. Kf5 Nxh2 54. Rh6 Nf1 55. Rxh7+ Kg8 56. Rh3 Kg7 57. g4 Nd2 58. Rd3 Nc4 59. Kxg5 Ne5 60. Ra3 Nf7+ 61. Kh5 Nd8 62. Ra7+ Kf6 63. g5+ Kf5 64. g6 Nc6 65. Rf7+ Ke6 66. Rf1 1-0

[Event "Titled Tuesday intern op 04th Feb Late"]
[Site "Chess.com INT"]
[Date "2025.02.04"]
[Round "6"]
[White "Liascovich, Lucas"]
[Black "Williams, Simon Kim"]
[Result "0-1"]
[WhiteElo "2417"]
[BlackElo "2446"]
[PlyCount "98"]
[EventDate "2025.02.04"]
[EventType "swiss (blitz)"]
[EventRounds "11"]
[EventCountry "USA"]
[SourceTitle "CB07_2025"]
[SourceDate "2025.02.12"]
[SourceVersion "1"]
[SourceVersionDate "2025.02.12"]
[SourceQuality "1"]

1. d4 e6 2. Nf3 f5 3. Bg5 Be7 4. Bxe7 Qxe7 5. Nbd2 Nf6 6. g3 0-0 7. Bg2 d6 8. 0-0 e5 9. e3 Kh8 10. c4 a5 11. Rc1 Nc6 12. c5 e4 13. cxd6 cxd6 14. Ne1 d5 15. Nc2 Be6 16. Nb3 b6 17. Na3 Nb4 18. Rc3 Nxa2 19. Rc6 Rab8 20. Qd2 Nb4 21. Rc3 Rfc8 22. Rfc1 Qd7 23. Bf1 Rxc3 24. bxc3 Qa4 25. Bb5 Qxa3 26. Rb1 Nd3 27. Bxd3 exd3 28. Nc5 Bg8 29. Qxd3 Ne4 30. Nd7 Rd8 31. Nxb6 Qxc3 32. Qb5 Nd2 33. Rd1 Rb8 34. Qe2 Rxb6 35. Rxd2 a4 36. Rc2 Qb3 37. Rc8 Rb8 38. Rc7 a3 39. Qh5 Qb1+ 40. Kg2 Qe4+ 41. f3 Qe6 42. Qg5 Qf6 43. Qf4 a2 44. Ra7 Rb2+ 45. Kh3 g5 46. Qe5 Qxe5 47. dxe5 Be6 48. f4 h6 49. Ra6 g4+ 0-1

[Event "Titled Tuesday intern op 21st Jan Late"]
[Site "Chess.com INT"]
[Date "2025.01.21"]
[Round "1"]
[White "Bold, Andre"]
[Black "Liascovich, Lucas"]
[Result "0-1"]
[WhiteElo "2213"]
[BlackElo "2417"]
[PlyCount "48"]
[EventDate "2025.01.21"]
[EventType "swiss (blitz)"]
[EventRounds "11"]
[EventCountry "USA"]
[SourceTitle "CB05_2025"]
[SourceDate "2025.01.29"]
[SourceVersion "1"]
[SourceVersionDate "2025.01.29"]
[SourceQuality "1"]

1. e4 e5 2. Nf3 Nc6 3. Bc4 Nf6 4. d3 Bc5 5. Nc3 h6 6. h3 d6 7. Na4 Bb6 8. 0-0 0-0 9. Nxb6 axb6 10. a3 Be6 11. Bxe6 fxe6 12. Nh2 d5 13. Ng4 dxe4 14. Nxf6+ Qxf6 15. dxe4 Rad8 16. Qe2 Nd4 17. Qc4 Qg6 18. Be3 b5 19. Qc5 b6 20. Qxc7 Nf3+ 21. Kh1 Nh4 22. g3 Qxe4+ 23. f3 Rxf3 24. Qxd8+ Rf8+ 0-1

[Event "Titled Tuesday intern op 21st Jan Late"]
[Site "Chess.com INT"]
[Date "2025.01.21"]
[Round "5"]
[White "Liascovich, Lucas"]
[Black "De Boer, Eelke"]
[Result "1-0"]
[WhiteElo "2417"]
[BlackElo "2428"]
[PlyCount "189"]
[EventDate "2025.01.21"]
[EventType "swiss (blitz)"]
[EventRounds "11"]
[EventCountry "USA"]
[SourceTitle "CB05_2025"]
[SourceDate "2025.01.29"]
[SourceVersion "1"]
[SourceVersionDate "2025.01.29"]
[SourceQuality "1"]

1. d4 Nf6 2. Nf3 d5 3. c4 e6 4. Nc3 c5 5. cxd5 Nxd5 6. e3 Nc6 7. Bd3 Be7 8. 0-0 0-0 9. Qe2 cxd4 10. exd4 Bf6 11. Rd1 Nce7 12. Ne4 Nf5 13. Nxf6+ Qxf6 14. Bg5 Qg6 15. Qd2 h6 16. Bh4 Qh5 17. Bg3 Nxg3 18. hxg3 b6 19. Ne5 Bb7 20. Be4 Rad8 21. Rac1 Ba8 22. a3 Nf6 23. Bf3 Bxf3 24. gxf3 Nd7 25. Nc6 Rde8 26. Kg2 a6 27. Qf4 Qd5 28. Qc7 a5 29. b4 Kh8 30. bxa5 bxa5 31. Qxa5 Qxa5 32. Nxa5 Ra8 33. Nc4 Nf6 34. Ra1 Nd5 35. Ne5 Ra6 36. Rdc1 f6 37. Ng6+ Kg8 38. Nxf8 Kxf8 39. a4 Ke7 40. a5 Kd6 41. Rc8 Ra7 42. a6 Ne7 43. Rb8 Kc7 44. Rf8 Nc6 45. Rf7+ Kb6 46. Rb1+ Kxa6 47. Ra1+ Kb6 48. Raxa7 Nxa7 49. Rxg7 Nc6 50. Rg6 Nxd4 51. Rxf6 h5 52. Rh6 Kc5 53. Rxh5+ Kd6 54. f4 Nc6 55. Rb5 Nd4 56. Rb1 Ke7 57. Rd1 Nf5 58. Re1 Kf6 59. Re5 Nd6 60. f3 Nc4 61. Re2 Nd6 62. g4 Nb5 63. Kg3 Nd4 64. Re1 Nc2 65. Re4 Na3 66. Rb4 Nc2 67. Rb8 Nd4 68. Kf2 Nc6 69. Rb6 Ne7 70. f5 Kg5 71. Rxe6 Nd5 72. Re4 Nc3 73. Kg3 Nd5 74. f4+ Kf6 75. Re6+ Kf7 76. g5 Nc7 77. Rh6 Nd5 78. Rh7+ Kg8 79. Ra7 Ne3 80. f6 Nf5+ 81. Kg4 Nd6 82. g6 Kf8 83. Ra8+ Ne8 84. g7+ Kf7 85. Rxe8 Kxf6 86. Ra8 Kxg7 87. Ra6 Kf7 88. f5 Ke7 89. Kg5 Kf7 90. Ra7+ Kf8 91. Kg6 Ke8 92. f6 Kd8 93. Re7 Kc8 94. f7 Kb8 95. Kf6 1-0

[Event "Titled Tuesday intern op 21st Jan Late"]
[Site "Chess.com INT"]
[Date "2025.01.21"]
[Round "3"]
[White "Liascovich, Lucas"]
[Black "Zeneli, Klendi"]
[Result "1-0"]
[WhiteElo "2417"]
[BlackElo "2209"]
[PlyCount "53"]
[EventDate "2025.01.21"]
[EventType "swiss (blitz)"]
[EventRounds "11"]
[EventCountry "USA"]
[SourceTitle "CB05_2025"]
[SourceDate "2025.01.29"]
[SourceVersion "1"]
[SourceVersionDate "2025.01.29"]
[SourceQuality "1"]

1. d4 d5 2. Nf3 Nf6 3. c4 c6 4. cxd5 cxd5 5. Nc3 Nc6 6. e3 a6 7. Ne5 Bf5 8. f4 e6 9. Qa4 Qb6 10. Bb5 Rc8 11. Bxc6+ bxc6 12. Qb3 Qc7 13. Bd2 Be7 14. Rc1 0-0 15. Na4 Ne4 16. Rxc6 Qa7 17. Ba5 f6 18. Rxc8 Rxc8 19. Nd3 Nd6 20. Ndc5 Nc4 21. Qc3 e5 22. fxe5 fxe5 23. 0-0 Bg6 24. b3 Nxe3 25. Qxe3 exd4 26. Qe6+ Kh8 27. Qxc8+ 1-0

[Event "Titled Tuesday intern op 24th Sep Late"]
[Site "Chess.com INT"]
[Date "2024.09.24"]
[Round "1"]
[White "Korba, Nicky"]
[Black "Liascovich, Lucas"]
[Result "0-1"]
[WhiteElo "2150"]
[BlackElo "2419"]
[PlyCount "104"]
[EventDate "2024.09.24"]
[EventType "swiss (blitz)"]
[EventRounds "11"]
[EventCountry "USA"]
[SourceTitle "EXT 2025"]
[Source "ChessBase"]
[SourceDate "2024.10.14"]
[SourceVersion "1"]
[SourceVersionDate "2024.10.14"]
[SourceQuality "1"]

1. e4 e5 2. Nf3 Nf6 3. Nc3 Nc6 4. Bb5 Nd4 5. 0-0 Nxb5 6. Nxb5 c6 7. Nc3 d6 8. d4 Qc7 9. Bg5 Be7 10. Bxf6 Bxf6 11. d5 0-0 12. h3 Be7 13. Nd2 f5 14. exf5 Bxf5 15. Nde4 a6 16. Qd2 Rad8 17. Rfe1 c5 18. a4 h6 19. Qe2 Rf7 20. f3 Rdf8 21. Rab1 Qa5 22. b3 Bh4 23. Rf1 Qc7 24. Nd1 b5 25. axb5 axb5 26. Ne3 Bxe4 27. fxe4 Bf2+ 28. Kh1 Bxe3 29. Rxf7 Qxf7 30. Qxe3 Qf2 31. Qd3 b4 32. Ra1 Kh7 33. Rd1 Rf6 34. Ra1 Rg6 35. Qf3 Qxf3 36. gxf3 Rg3 37. Ra6 Rxf3 38. Rxd6 Rc3 39. Re6 Rxc2 40. Rxe5 c4 41. bxc4 b3 42. d6 Rxc4 43. Rb5 Rxe4 44. Rxb3 Rd4 45. Rb6 Rd2 46. Kg1 Kg6 47. Kh1 Kf5 48. Rb7 g5 49. d7 h5 50. h4 g4 51. Rb5+ Kf4 52. Rxh5 Kg3 0-1

[Event "Titled Tuesday intern op 24th Sep Late"]
[Site "Chess.com INT"]
[Date "2024.09.24"]
[Round "2"]
[White "Liascovich, Lucas"]
[Black "Kashefi, Amir Hossein"]
[Result "1-0"]
[WhiteElo "2419"]
[BlackElo "2183"]
[PlyCount "145"]
[EventDate "2024.09.24"]
[EventType "swiss (blitz)"]
[EventRounds "11"]
[EventCountry "USA"]
[SourceTitle "EXT 2025"]
[Source "ChessBase"]
[SourceDate "2024.10.14"]
[SourceVersion "1"]
[SourceVersionDate "2024.10.14"]
[SourceQuality "1"]

1. e4 c6 2. d4 d5 3. Nc3 dxe4 4. Nxe4 Nd7 5. Bc4 Ngf6 6. Nxf6+ Nxf6 7. c3 Nd5 8. Nf3 Bg4 9. h3 Bxf3 10. Qxf3 e6 11. 0-0 Bd6 12. Re1 0-0 13. g3 Qc7 14. h4 b5 15. Bd3 a6 16. a3 c5 17. dxc5 Bxc5 18. Bg5 h6 19. Bd2 Rad8 20. Rad1 Rd7 21. Bc1 Rfd8 22. Kg2 Nf6 23. Bc2 Rxd1 24. Rxd1 Rxd1 25. Bxd1 Nd5 26. Bc2 Qe5 27. Bd2 h5 28. Qd3 g6 29. a4 Qb8 30. axb5 axb5 31. Qe2 b4 32. Bxg6 bxc3 33. bxc3 Qb7 34. Be4 f5 35. Bf3 Qd7 36. Bxh5 Nf6 37. Bf3 Bd6 38. Bg5 Nh7 39. c4 Nxg5 40. hxg5 Be7 41. Qe3 Bf8 42. c5 Kf7 43. c6 Qc7 44. Bh5+ Ke7 45. f4 Qd6 46. Bf3 Kd8 47. Qb6+ Qc7 48. Qb3 Qd6 49. g6 Qd2+ 50. Kh3 Qd6 51. Qd1 Qxd1 52. Bxd1 Kc7 53. Bf3 Be7 54. g4 fxg4+ 55. Kxg4 Bf6 56. Kh5 Bg7 57. Kg5 Kd6 58. Be4 Kc7 59. f5 exf5 60. Kxf5 Kd6 61. Bf3 Bd4 62. Bg2 Bc3 63. Kg5 Bg7 64. Bh1 Kc7 65. Kf5 Kd6 66. Bg2 Bh8 67. Kf4 Bg7 68. Ke3 Bf6 69. Kd3 Bg7 70. Kc4 Bf6 71. Kb5 Kc7 72. Kc5 Bg7 73. Kd5 1-0

[Event "Titled Tuesday intern op 17th Sep Late"]
[Site "Chess,com INT"]
[Date "2024.09.17"]
[Round "3"]
[White "Liascovich, Lucas"]
[Black "Andrews, Todd D"]
[Result "1-0"]
[WhiteElo "2419"]
[BlackElo "2165"]
[PlyCount "109"]
[EventDate "2024.09.17"]
[EventType "swiss (blitz)"]
[EventRounds "11"]
[EventCountry "USA"]
[SourceTitle "EXT 2025"]
[Source "ChessBase"]
[SourceDate "2024.10.14"]
[SourceVersion "1"]
[SourceVersionDate "2024.10.14"]
[SourceQuality "1"]

1. e4 e6 2. Qe2 Be7 3. d3 d5 4. g3 Nf6 5. Bg2 0-0 6. f4 c5 7. e5 Nfd7 8. Nf3 Nc6 9. 0-0 Nd4 10. Nxd4 cxd4 11. Nd2 b5 12. Nf3 Qb6 13. b3 Bb4 14. Bb2 Bc3 15. Bxc3 dxc3+ 16. Qf2 Qxf2+ 17. Kxf2 Bb7 18. Nd4 a6 19. a4 b4 20. a5 Nc5 21. Bh3 g6 22. Rae1 h5 23. g4 hxg4 24. Bxg4 Kg7 25. Kg3 Rh8 26. h4 Rac8 27. Re2 Ba8 28. Rh2 Nb7 29. h5 gxh5 30. Bxh5 Nxa5 31. f5 Nc6 32. Nxc6 Rxc6 33. fxe6 fxe6 34. Rf7+ Kg8 35. Re7 Rc8 36. Rh4 Rh6 37. Rg4+ Kh8 38. Kh4 d4 39. Rf7 Rh7 40. Rxd4 Bd5 41. Rxb4 Rg8 42. Rxh7+ Kxh7 43. Bg4 Rf8 44. Kg3 Rf1 45. Ra4 Rc1 46. Ra2 a5 47. Bf3 a4 48. Bxd5 exd5 49. bxa4 Re1 50. Kf4 Rf1+ 51. Ke3 Rf7 52. a5 Ra7 53. Kd4 Kg6 54. Kxd5 Kf5 55. d4 1-0

[Event "Titled Tuesday intern op 17th Sep Late"]
[Site "Chess,com INT"]
[Date "2024.09.17"]
[Round "4"]
[White "Liascovich, Lucas"]
[Black "Lazavik, Denis"]
[Result "1/2-1/2"]
[WhiteElo "2419"]
[BlackElo "2578"]
[PlyCount "149"]
[EventDate "2024.09.17"]
[EventType "swiss (blitz)"]
[EventRounds "11"]
[EventCountry "USA"]
[SourceTitle "EXT 2025"]
[Source "ChessBase"]
[SourceDate "2024.10.14"]
[SourceVersion "1"]
[SourceVersionDate "2024.10.14"]
[SourceQuality "1"]

1. d4 f5 2. Nf3 Nf6 3. Bg5 e6 4. Bxf6 Qxf6 5. Nbd2 d5 6. e3 Bd6 7. c4 c6 8. g3 0-0 9. Bg2 Nd7 10. 0-0 Qe7 11. Rc1 Nf6 12. Ne5 Bd7 13. f4 Be8 14. c5 Bc7 15. b4 Bh5 16. Bf3 Bxf3 17. Qxf3 a5 18. a3 axb4 19. axb4 Ra2 20. Rf2 Rfa8 21. Nb3 R2a3 22. Rb1 Ne4 23. Rfb2 g5 24. Kh1 g4 25. Qf1 h5 26. Qe1 Kg7 27. h4 gxh3 28. Nd2 Bxe5 29. dxe5 Nc3 30. Rc1 Qd7 31. Nf3 d4 32. Nxd4 Qd5+ 33. Kh2 Ra2 34. Rcc2 Ra1 35. Rc1 R8a2 36. Nxe6+ Kh6 37. e4 Rxb2+ 38. Kxh3 Rxc1 39. Qxc1 Qd2 40. Qxd2 Rxd2 41. exf5 Ne4 42. f6 Kg6 43. Ng7 Rf2 44. f5+ Kf7 45. g4 hxg4+ 46. Kxg4 Nxf6+ 47. exf6 Kxf6 48. Ne8+ Ke5 49. Nd6 b5 50. Nf7+ Kf6 51. Nd6 Rb2 52. Kf4 Rxb4+ 53. Ne4+ Ke7 54. Ke5 Rb1 55. f6+ Kf8 56. Kd6 b4 57. Kxc6 b3 58. Nd2 Rb2 59. Nxb3 Rxb3 60. Kd6 Rd3+ 61. Ke6 Rc3 62. Kd6 Ke8 63. c6 Rd3+ 64. Kc7 Rb3 65. Kd6 Kd8 66. f7 Rd3+ 67. Ke6 Re3+ 68. Kd6 Rd3+ 69. Ke6 Rf3 70. c7+ Kxc7 71. Ke7 Re3+ 72. Kf6 Rf3+ 73. Ke7 Re3+ 74. Kf6 Rf3+ 75. Ke7 1/2-1/2

[Event "ARG-chT"]
[Site "Villa Martelli"]
[Date "2024.09.15"]
[Round "4.1"]
[White "Liascovich, Lucas"]
[Black "Romero Barreto, Jaime Jose"]
[Result "1/2-1/2"]
[WhiteElo "2419"]
[BlackElo "2322"]
[PlyCount "111"]
[EventDate "2024.08.31"]
[EventType "team-swiss"]
[EventRounds "8"]
[EventCountry "ARG"]
[SourceTitle "EXT 2025"]
[Source "ChessBase"]
[SourceDate "2024.10.14"]
[SourceVersion "1"]
[SourceVersionDate "2024.10.14"]
[SourceQuality "1"]
[WhiteTeam "Ferro Carril Oeste"]
[BlackTeam "Ventajedrez Plastigal"]
[WhiteTeamCountry "ARG"]
[BlackTeamCountry "ARG"]

1. d4 Nf6 2. Bg5 c5 3. Bxf6 exf6 4. c3 Qb6 5. Qd2 d5 6. e3 Be6 7. Nf3 Nd7 8. Be2 Be7 9. 0-0 0-0 10. dxc5 Bxc5 11. Qc2 Ne5 12. Nd4 Rac8 13. Rd1 Nc6 14. Qb3 Rfd8 15. Qxb6 Bxb6 16. Nd2 g6 17. a4 a6 18. Nxc6 Rxc6 19. Nb3 f5 20. g3 Kf8 21. Rd2 Ke7 22. Nd4 Rcd6 23. a5 Ba7 24. Bf3 Rc8 25. Nc2 Rc5 26. Nb4 Bb8 27. Nd3 Rc4 28. Ra3 Rd7 29. Nf4 Bxf4 30. gxf4 h6 31. h4 f6 32. Be2 Rc8 33. Rd4 g5 34. fxg5 hxg5 35. hxg5 fxg5 36. Bf3 g4 37. Bg2 Kf6 38. Ra1 Rc5 39. Kf1 Ke5 40. Ke2 Rh7 41. Rb4 Bd7 42. Kf1 Bb5+ 43. Kg1 Bd3 44. Rd4 Be4 45. Bxe4 fxe4 46. Kg2 Rf7 47. Rad1 Rxa5 48. b4 Rb5 49. c4 dxc4 50. Rxc4 Kf5 51. Kg3 Re5 52. Rd8 Kg5 53. Rg8+ Kh5 54. Rh8+ Kg5 55. Rg8+ Kh5 56. Rh8+ 1/2-1/2

[Event "ARG-chT"]
[Site "Villa Martelli"]
[Date "2024.09.07"]
[Round "2.2"]
[White "Fernandez Babasz, Santiago Ernesto"]
[Black "Liascovich, Lucas"]
[Result "0-1"]
[WhiteElo "1979"]
[BlackElo "2419"]
[PlyCount "72"]
[EventDate "2024.08.31"]
[EventType "team-swiss"]
[EventRounds "8"]
[EventCountry "ARG"]
[SourceTitle "EXT 2025"]
[Source "ChessBase"]
[SourceDate "2024.10.14"]
[SourceVersion "1"]
[SourceVersionDate "2024.10.14"]
[SourceQuality "1"]
[WhiteTeam "Villa Ballester"]
[BlackTeam "Ferro Carril Oeste"]
[WhiteTeamCountry "ARG"]
[BlackTeamCountry "ARG"]

1. d4 d5 2. c4 Nc6 3. cxd5 Qxd5 4. e3 e5 5. Nc3 Bb4 6. a3 Bxc3+ 7. bxc3 Nf6 8. c4 Qd6 9. d5 Ne7 10. Bd2 a5 11. Bd3 Nd7 12. e4 Nc5 13. Be3 0-0 14. Ne2 f5 15. Bxc5 Qxc5 16. exf5 Bxf5 17. Bxf5 Nxf5 18. 0-0 Nd6 19. Ng3 Rf4 20. Rc1 Rxc4 21. Rxc4 Qxc4 22. Qd2 Qd4 23. Qc1 Rc8 24. Rd1 Qb6 25. Qc3 Rf8 26. Qxe5 Qxf2+ 27. Kh1 Qf6 28. Qe1 g6 29. Rc1 Rf7 30. h3 Re7 31. Qd2 Qe5 32. Qd3 Qg5 33. Rc3 Re1+ 34. Kh2 Qe5 35. Rxc7 Re3 36. Qb1 Qxg3+ 0-1

[Event "Titled Tuesday intern op 03rd Sep Late"]
[Site "Chess.com INT"]
[Date "2024.09.03"]
[Round "3"]
[White "Liascovich, Lucas"]
[Black "Nurgaliyeva, Zarina"]
[Result "1-0"]
[WhiteElo "2419"]
[BlackElo "2092"]
[PlyCount "79"]
[EventDate "2024.09.03"]
[EventType "swiss (blitz)"]
[EventRounds "11"]
[EventCountry "USA"]
[SourceTitle "EXT 2025"]
[Source "ChessBase"]
[SourceDate "2024.10.14"]
[SourceVersion "1"]
[SourceVersionDate "2024.10.14"]
[SourceQuality "1"]

1. e4 e5 2. Nf3 Nc6 3. d4 exd4 4. c3 d5 5. e5 dxc3 6. Nxc3 Bb4 7. Bb5 Nge7 8. 0-0 h6 9. h3 0-0 10. Qe2 a6 11. Bd3 Bxc3 12. bxc3 Bf5 13. Re1 Qd7 14. Nd4 Bxd3 15. Qxd3 Nxd4 16. cxd4 Qf5 17. Qg3 Qe6 18. Ba3 Rfc8 19. f4 Nf5 20. Qd3 h5 21. g4 hxg4 22. hxg4 Nxd4 23. Qxd4 Qxg4+ 24. Kf2 Qh4+ 25. Ke2 Qh3 26. Kd2 Qxa3 27. e6 Qa5+ 28. Kc2 Qb5 29. exf7+ Kxf7 30. Rab1 Qc6+ 31. Kd2 Re8 32. Rbc1 Qd6 33. Re5 c6 34. Rf5+ Kg8 35. Rg1 Re7 36. Rfg5 Qc7 37. f5 Qa5+ 38. Kd1 Qb5 39. Rxg7+ Kf8 40. Qf6+ 1-0

[Event "Titled Tuesday intern op 03rd Sep Late"]
[Site "Chess.com INT"]
[Date "2024.09.03"]
[Round "1"]
[White "Liascovich, Lucas"]
[Black "Tokat, Nehir"]
[Result "1-0"]
[WhiteElo "2419"]
[BlackElo "1863"]
[PlyCount "75"]
[EventDate "2024.09.03"]
[EventType "swiss (blitz)"]
[EventRounds "11"]
[EventCountry "USA"]
[SourceTitle "EXT 2025"]
[Source "ChessBase"]
[SourceDate "2024.10.14"]
[SourceVersion "1"]
[SourceVersionDate "2024.10.14"]
[SourceQuality "1"]

1. e4 Nf6 2. Nc3 e5 3. Bc4 Nc6 4. d3 Bc5 5. f4 d6 6. f5 g6 7. Bg5 gxf5 8. Nd5 Nxd5 9. Bxd8 Ne3 10. Qh5 Nxd8 11. Kd2 fxe4 12. Re1 Nxc4+ 13. dxc4 Rg8 14. g3 Rg7 15. Rxe4 Bd7 16. Nf3 Ne6 17. Rhe1 Bc6 18. c3 Bxe4 19. Rxe4 Bb6 20. Kc2 Kd7 21. Rg4 Rag8 22. Rxg7 Rxg7 23. Nh4 e4 24. Nf5 Rg6 25. Qxh7 Rf6 26. g4 e3 27. Qh4 e2 28. Kd2 Ng5 29. Qxg5 Re6 30. Qh4 e1Q+ 31. Qxe1 Rxe1 32. Kxe1 c6 33. Ke2 f6 34. h4 d5 35. cxd5 cxd5 36. h5 d4 37. h6 dxc3 38. bxc3 1-0

[Event "Titled Tuesday intern op 03rd Sep Late"]
[Site "Chess.com INT"]
[Date "2024.09.03"]
[Round "2"]
[White "Tifferet, Shaked"]
[Black "Liascovich, Lucas"]
[Result "1-0"]
[WhiteElo "2305"]
[BlackElo "2419"]
[PlyCount "83"]
[EventDate "2024.09.03"]
[EventType "swiss (blitz)"]
[EventRounds "11"]
[EventCountry "USA"]
[SourceTitle "EXT 2025"]
[Source "ChessBase"]
[SourceDate "2024.10.14"]
[SourceVersion "1"]
[SourceVersionDate "2024.10.14"]
[SourceQuality "1"]

1. e4 e5 2. Nf3 Nf6 3. Nc3 Nc6 4. Be2 Bb4 5. Nd5 Ba5 6. c3 d6 7. b4 Bb6 8. a4 a5 9. Nxb6 cxb6 10. b5 Ne7 11. d3 Ng6 12. 0-0 0-0 13. c4 h6 14. Be3 Bg4 15. Nd2 Be6 16. d4 exd4 17. Bxd4 Nd7 18. f4 f5 19. exf5 Bxf5 20. g4 Bxg4 21. Bxg4 Nxf4 22. Ra3 Ne5 23. Rg3 Qh4 24. Bxb6 Rf6 25. Bd4 Nxg4 26. Qxg4 Qxg4 27. Rxg4 Ne2+ 28. Kg2 Rxf1 29. Kxf1 Nxd4 30. Rxd4 Rd8 31. Rd5 Kh7 32. Ke2 Kg6 33. Kd3 Rf8 34. Rxd6+ Kh5 35. Rd4 g5 36. c5 Rf2 37. Nc4 Rxh2 38. c6 bxc6 39. bxc6 Rh3+ 40. Ne3 Rf3 41. c7 Rf7 42. c8Q 1-0

[Event "Titled Tuesday intern op 03rd Sep Late"]
[Site "Chess.com INT"]
[Date "2024.09.03"]
[Round "4"]
[White "Vershinin, Igor1"]
[Black "Liascovich, Lucas"]
[Result "0-1"]
[WhiteElo "2285"]
[BlackElo "2419"]
[PlyCount "88"]
[EventDate "2024.09.03"]
[EventType "swiss (blitz)"]
[EventRounds "11"]
[EventCountry "USA"]
[SourceTitle "EXT 2025"]
[Source "ChessBase"]
[SourceDate "2024.10.14"]
[SourceVersion "1"]
[SourceVersionDate "2024.10.14"]
[SourceQuality "1"]

1. e4 c6 2. d4 d5 3. exd5 cxd5 4. Bd3 Nc6 5. c3 Qc7 6. Nf3 g6 7. h3 Nh6 8. 0-0 Bg7 9. Re1 0-0 10. Nbd2 f6 11. Nf1 e5 12. dxe5 fxe5 13. Bb5 Be6 14. Ng5 Qd7 15. Nxe6 Qxe6 16. Ne3 Rad8 17. Ba4 Kh8 18. Bb3 Ne7 19. Ng4 Nxg4 20. Qxg4 Qf7 21. Be3 b6 22. Rad1 Nf5 23. Rd2 Nxe3 24. Rxe3 e4 25. Rxe4 dxe4 26. Bxf7 Rxd2 27. Qe6 Rxb2 28. h4 e3 29. fxe3 Bh6 30. h5 Re2 31. Qf6+ Bg7 32. Qf3 Re1+ 33. Kf2 Bxc3 34. hxg6 hxg6 35. Kg3 Kg7 36. Qc6 Bf6 37. Bd5 Rxe3+ 38. Bf3 Re7 39. a4 Rd8 40. Qc2 Rd4 41. Qc6 Be5+ 42. Kh3 Rd6 43. Qc4 Bf6 44. Be4 Rd4 0-1